Movies by Difficulty Quiz Stats

 Plays Quiz Updated Aug 19, 2015

Score 0/30 Timer 08:00
3 Plays Today
% Correct
The Hunger Games
91.9%
Wedding Crashers
91.1%
Slumdog Millionaire
89.3%
Django Unchained
89.2%
V for Vendetta
82.8%
Star Wars Episode V: The Empire Strikes Back
82.2%
The Ring
81.3%
I Am Legend
81.2%
The Hunt for Red October
66.2%
Rear Window
61.1%
Tombstone
48.5%
Sideways
44.3%
Into the Wild
41%
The Cabin in the Woods
41%
Lars and the Real Girl
35.8%
% Correct
Lord of War
35.1%
Before Sunrise
28.2%
Source Code
24.4%
We Need to Talk About Kevin
20.9%
Chronicle
20.9%
Lucky Number Slevin
20.9%
Dead Snow
13.1%
The Raid: Redemption
10.5%
Primer
8.4%
Take Shelter
6.5%
The Fall
5.5%
Paris, Texas
5.2%
Triangle
3.9%
Dogtooth
3.4%
Felon
1.9%

You're not logged in!

Compare scores with friends on all Sporcle quizzes.
OR
Log In

You Might Also Like...

Show Comments

Extras

Top Quizzes Today


Score Distribution

Your Account Isn't Verified!

In order to create a playlist on Sporcle, you need to verify the email address you used during registration. Go to your Sporcle Settings to finish the process.

Report this User

Report this user for behavior that violates our Community Guidelines.

Details: